ALW's Phantom of the Opera - Why have you brought me here/Raoul, I've been there - Missing Lyrics - Statistics

General Stats
  • This quiz has been taken 142 times
  • The average score is 25 of 29
Answer Stats
Line: Raoul Line: Christine Missing Lyric % Correct
My God, who is this ___? Man
96%
Can I ever ______ that sight? Forget
95%
Inside your ____ Inside my ____ Mind
95%
_____, I've been there Raoul
95%
And if he has to kill a ________ men Thousand
95%
Where _____ is blind Where _____ is blind Night
94%
_____, I've seen him Raoul
94%
His eyes will ____ me there Find
93%
The Phantom of the Opera is there The Phantom of the Opera is ____ Here
93%
Who's is this voice you hear I can't ______ from him Escape
92%
And in this _________ And in this _________ Labyrinth
92%
Don't take me ____ there Back
91%
This Phantom is a fable, believe me The Phantom of the Opera will kill and kill _____ Again
90%
Those eyes that ____ Burn
90%
Can I ever ______ from that face? Escape
86%
With every breath? I _____ will Never
86%
To his world of ________ night Unending
86%
He'll ____ me Kill
85%
In that night there was _____ in my mind Music
85%
And through music my ____ began to soar Soul
84%
Yet in his ____ Eyes
80%
Who _____ to kill? Hunts
80%
But his voice filled my spirit with a strange _____ sound Sweet
79%
All the _______ of the world Sadness
76%
To a world where the daylight _________ into darkness, darkness Dissolves
75%
And I _____ as I never _____ before Heard
73%
So distorted, ________ it was hardly a face Deformed
68%
That both threaten and _____ Adore
60%
Those ________ eyes Pleading
59%
No matching quizzes found
Score Distribution
Percent of People with Each Score
Percentile by Number Answered
Your Score History
You have not taken this quiz